[Event "European Senior Team Championship 2021"]
[Site "Don Giovanni hotel, Vinohradska 2733, Prague, Czech Republic"]
[Date "2021.09.06"]
[Round "8"]
[Board "3"]
[White "Meister, Jakob"]
[Black "Baum, Bernd"]
[Result "1-0"]
[WhiteElo "2416"]
[BlackElo "2255"]
[PlyCount "0"]
[EventDate "2021.08.30"]
[EventType "team"]
[EventRounds "9"]
[EventCountry "ECX"]
[WhiteTeam "LASKER SCHACHSTIFTUNG GK"]
[BlackTeam "GERMANY 1"]

1. e4 {[%clk 1:30:56]} c5 {[%clk 1:29:24]} 2. Nc3 {[%clk 1:31:12]} d6
{[%clk 1:27:51]} 3. f4 {[%clk 1:31:27]} Nc6 {[%clk 1:27:36]} 4. Nf3
{[%clk 1:31:34]} e6 {[%clk 1:25:43]} 5. d3 {[%clk 1:29:32]} Nf6 {[%clk 1:18:44]}
6. g3 {[%clk 1:29:43]} Be7 {[%clk 1:17:51]} 7. Bg2 {[%clk 1:29:55]} O-O
{[%clk 1:18:00]} 8. O-O {[%clk 1:30:17]} Rb8 {[%clk 1:16:39]} 9. h3
{[%clk 1:29:48]} b5 {[%clk 1:15:17]} 10. g4 {[%clk 1:28:43]} b4 {[%clk 1:09:14]}
11. Ne2 {[%clk 1:29:04]} d5 {[%clk 1:05:04]} 12. g5 {[%clk 1:22:20]} Ne8
{[%clk 1:01:27]} 13. e5 {[%clk 1:11:17]} Nc7 {[%clk 0:53:50]} 14. Nh2
{[%clk 1:06:06]} Bb7 {[%clk 0:49:24]} 15. Ng4 {[%clk 1:03:24]} Kh8
{[%clk 0:44:01]} 16. Ng3 {[%clk 1:01:22]} Nd4 {[%clk 0:42:21]} 17. Ne3
{[%clk 0:54:33]} f6 {[%clk 0:37:00]} 18. exf6 {[%clk 0:45:08]} gxf6
{[%clk 0:37:27]} 19. h4 {[%clk 0:41:30]} Qd6 {[%clk 0:29:05]} 20. Ng4
{[%clk 0:37:14]} fxg5 {[%clk 0:27:29]} 21. hxg5 {[%clk 0:35:22]} Ncb5
{[%clk 0:19:25]} 22. Nh5 {[%clk 0:29:02]} Nf5 {[%clk 0:18:27]} 23. Bd2
{[%clk 0:26:41]} a5 {[%clk 0:14:26]} 24. Qe1 {[%clk 0:20:50]} Nbd4
{[%clk 0:13:01]} 25. Rc1 {[%clk 0:20:05]} Ba6 {[%clk 0:10:17]} 26. c3
{[%clk 0:15:00]} bxc3 {[%clk 0:08:41]} 27. bxc3 {[%clk 0:14:56]} Nc6
{[%clk 0:08:57]} 28. Rf3 {[%clk 0:15:16]} Rb2 {[%clk 0:05:58]} 29. a4
{[%clk 0:14:45]} Bc8 {[%clk 0:03:38]} 30. Nhf6 {[%clk 0:13:40]} Bxf6
{[%clk 0:03:28]} 31. Nxf6 {[%clk 0:13:24]} Rf7 {[%clk 0:03:05]} 32. Rh3
{[%clk 0:11:34]} Nce7 {[%clk 0:03:18]} 33. Rb1 {[%clk 0:07:47]} Qb8
{[%clk 0:03:32]} 34. Rxb2 {[%clk 0:06:00]} Qxb2 {[%clk 0:04:00]} 35. c4
{[%clk 0:04:47]} d4 {[%clk 0:02:47]} 36. Bxa5 {[%clk 0:04:07]} Ng6
{[%clk 0:02:53]} 37. Bd2 {[%clk 0:04:18]} Qc2 {[%clk 0:01:23]} 38. a5
{[%clk 0:04:11]} Nd6 {[%clk 0:00:38]} 39. Qc1 {[%clk 0:01:35]} Qa2
{[%clk 0:00:59]} 40. Rh2 {[%clk 0:01:43]} Qb3 {[%clk 0:01:21]} 41. Qf1
{[%clk 0:30:01]} Nf8 {[%clk 0:19:44]} 42. Bf3 {[%clk 0:28:08]} Rg7
{[%clk 0:15:43]} 43. Qe2 {[%clk 0:21:33]} Nf5 {[%clk 0:11:53]} 44. Kf2
{[%clk 0:18:39]} Nd6 {[%clk 0:06:57]} 45. Nh5 {[%clk 0:18:06]}  1-0

[Event "European Senior Team Championship 2021"]
[Site "Don Giovanni hotel, Vinohradska 2733, Prague, Czech Republic"]
[Date "2021.09.06"]
[Round "8"]
[Board "4"]
[White "Kierzek, Matthias"]
[Black "Koehler, Gerhard"]
[Result "1-0"]
[WhiteElo "2201"]
[BlackElo "2183"]
[PlyCount "0"]
[EventDate "2021.08.30"]
[EventType "team"]
[EventRounds "9"]
[EventCountry "ECX"]
[WhiteTeam "GERMANY 1"]
[BlackTeam "LASKER SCHACHSTIFTUNG GK"]

1. d4 {[%clk 1:30:56]} Nf6 {[%clk 1:30:52]} 2. c4 {[%clk 1:31:13]} d6
{[%clk 1:31:11]} 3. Nc3 {[%clk 1:31:36]} g6 {[%clk 1:31:03]} 4. e4
{[%clk 1:31:46]} Bg7 {[%clk 1:31:27]} 5. h3 {[%clk 1:31:45]} O-O {[%clk 1:29:20]}
6. Be3 {[%clk 1:32:11]} Nfd7 {[%clk 1:29:21]} 7. Nf3 {[%clk 1:25:41]} c5
{[%clk 1:28:55]} 8. d5 {[%clk 1:25:29]} Na6 {[%clk 1:29:00]} 9. Be2
{[%clk 1:21:10]} Nc7 {[%clk 1:25:26]} 10. O-O {[%clk 1:20:25]} e6
{[%clk 1:22:40]} 11. dxe6 {[%clk 1:14:52]} Nxe6 {[%clk 1:22:56]} 12. Qxd6
{[%clk 1:14:55]} Ne5 {[%clk 1:22:10]} 13. Bxc5 {[%clk 1:13:16]} Nxc5
{[%clk 1:22:18]} 14. Qxc5 {[%clk 1:13:35]} Nxf3+ {[%clk 1:21:55]} 15. Bxf3
{[%clk 1:13:55]} Be6 {[%clk 1:17:28]} 16. Rfd1 {[%clk 0:51:50]} Qc8
{[%clk 1:14:22]} 17. Qxc8 {[%clk 0:37:37]} Rfxc8 {[%clk 1:10:33]} 18. e5
{[%clk 0:26:02]} Rxc4 {[%clk 1:08:25]} 19. Bxb7 {[%clk 0:23:31]} Rb8
{[%clk 1:06:37]} 20. Bd5 {[%clk 0:22:15]} Bxd5 {[%clk 0:56:06]} 21. Rxd5
{[%clk 0:21:28]} Rxb2 {[%clk 0:55:40]} 22. Nd1 {[%clk 0:15:01]} Re2
{[%clk 0:49:59]} 23. Ne3 {[%clk 0:14:29]} Ra4 {[%clk 0:50:15]} 24. Rd8+
{[%clk 0:13:52]} Bf8 {[%clk 0:50:36]} 25. Rc1 {[%clk 0:13:27]} Kg7
{[%clk 0:47:58]} 26. Rcc8 {[%clk 0:13:48]} Be7 {[%clk 0:46:15]} 27. Rg8+
{[%clk 0:14:12]} Kh6 {[%clk 0:46:31]} 28. Ng4+ {[%clk 0:12:50]} Kg5
{[%clk 0:45:58]} 29. Rc7 {[%clk 0:11:05]} h5 {[%clk 0:30:58]} 30. Ne3
{[%clk 0:10:37]} Re1+ {[%clk 0:21:18]} 31. Kh2 {[%clk 0:10:54]} Rxa2
{[%clk 0:20:02]} 32. Kg3 {[%clk 0:05:38]} h4+ {[%clk 0:18:44]} 33. Kf3
{[%clk 0:05:56]} Ra4 {[%clk 0:17:23]} 34. g3 {[%clk 0:06:00]} hxg3
{[%clk 0:15:53]} 35. Rxe7 {[%clk 0:05:50]} gxf2 {[%clk 0:14:04]} 36. Kxf2
{[%clk 0:06:13]} Rh1 {[%clk 0:13:44]} 37. Rxf7 {[%clk 0:05:35]} Rxh3
{[%clk 0:08:18]} 38. Rf5+ {[%clk 0:05:34]} Kh6 {[%clk 0:08:25]} 39. Rh8+
{[%clk 0:05:38]} Kg7 {[%clk 0:08:54]} 40. Rxh3 {[%clk 0:05:53]} gxf5
{[%clk 0:09:21]} 41. Nxf5+ {[%clk 0:01:33]} Kf7 {[%clk 0:08:28]} 42. Nh4
{[%clk 0:00:41]} a5 {[%clk 0:29:08]} 43. Nf3 {[%clk 0:30:26]} Kg6
{[%clk 0:29:11]} 44. Ke3 {[%clk 0:29:06]} Rb4 {[%clk 0:27:13]} 45. Nd4
{[%clk 0:27:42]} a4 {[%clk 0:26:57]} 46. Ke4 {[%clk 0:27:58]}  1-0

[Event "European Senior Team Championship 2021"]
[Site "Don Giovanni hotel, Vinohradska 2733, Prague, Czech Republic"]
[Date "2021.09.06"]
[Round "8"]
[Board "1"]
[White "Pribyl, Josef"]
[Black "Jansa, Vlastimil"]
[Result "0-1"]
[WhiteElo "2226"]
[BlackElo "2420"]
[PlyCount "0"]
[EventDate "2021.08.30"]
[EventType "team"]
[EventRounds "9"]
[EventCountry "ECX"]
[WhiteTeam "CHESS ACADEMY PRAHA"]
[BlackTeam "LYSA NAD LABEM - 100 LET"]

1. Nf3 {[%clk 1:30:56]} Nf6 {[%clk 1:29:52]} 2. c4 {[%clk 1:31:21]} g6
{[%clk 1:28:42]} 3. Nc3 {[%clk 1:31:48]} c5 {[%clk 1:25:35]} 4. d4
{[%clk 1:31:54]} cxd4 {[%clk 1:25:43]} 5. Nxd4 {[%clk 1:32:22]} Nc6
{[%clk 1:25:38]} 6. g3 {[%clk 1:32:49]} d6 {[%clk 1:24:21]} 7. Bg2
{[%clk 1:31:13]} Bd7 {[%clk 1:24:20]} 8. O-O {[%clk 1:26:29]} Bg7
{[%clk 1:24:25]} 9. b3 {[%clk 1:25:58]} O-O {[%clk 1:23:30]} 10. Bb2
{[%clk 1:26:25]} Qa5 {[%clk 1:20:16]} 11. e3 {[%clk 1:24:11]} a6 {[%clk 1:16:40]}
12. h3 {[%clk 1:20:09]} Rab8 {[%clk 1:14:16]} 13. Qe2 {[%clk 1:17:54]} Rfc8
{[%clk 1:05:21]} 14. Rfd1 {[%clk 1:10:57]} Nxd4 {[%clk 1:02:45]} 15. exd4
{[%clk 1:11:24]} e6 {[%clk 1:02:15]} 16. a3 {[%clk 1:08:54]} b5 {[%clk 0:54:59]}
17. b4 {[%clk 1:02:22]} Qc7 {[%clk 0:54:23]} 18. c5 {[%clk 0:50:12]} Bc6 19. Rd3
{[%clk 0:50:40]} Bxg2 {[%clk 0:46:50]} 20. Kxg2 {[%clk 0:50:16]} a5
{[%clk 0:36:58]} 21. Qf3 {[%clk 0:49:41]} Qc6 {[%clk 0:37:27]} 22. Qxc6
{[%clk 0:49:32]} Rxc6 23. Rb1 axb4 {[%clk 0:34:57]} 24. axb4 {[%clk 0:49:59]} Nd5
{[%clk 0:30:49]} 25. Nxd5 {[%clk 0:50:07]} exd5 {[%clk 0:31:14]} 26. Bc1
{[%clk 0:47:27]} Ra8 {[%clk 0:26:48]} 27. Bf4 {[%clk 0:46:01]} Bf8
{[%clk 0:25:18]} 28. Re3 {[%clk 0:43:01]} Kg7 {[%clk 0:22:24]} 29. Rbe1
{[%clk 0:39:37]} Rcc8 {[%clk 0:19:12]} 30. Rf3 {[%clk 0:37:27]} Ra6
{[%clk 0:17:41]} 31. g4 {[%clk 0:31:32]} h6 {[%clk 0:17:28]} 32. h4
{[%clk 0:31:39]} Rd8 {[%clk 0:14:24]} 33. g5 {[%clk 0:31:15]} h5 {[%clk 0:13:19]}
34. Kg3 {[%clk 0:28:07]} Ra7 {[%clk 0:07:39]} 35. Rc1 {[%clk 0:25:44]} Kg8
{[%clk 0:06:06]} 36. Re3 {[%clk 0:25:06]} dxc5 {[%clk 0:05:25]} 37. bxc5
{[%clk 0:25:16]} Ra4 {[%clk 0:05:26]} 38. Rd3 {[%clk 0:22:46]} Bg7
{[%clk 0:04:38]} 39. Be3 {[%clk 0:23:15]} Rc4 {[%clk 0:04:36]} 40. Rb1
{[%clk 0:22:03]} b4 {[%clk 0:04:35]} 41. f3 {[%clk 0:16:52]} Ra8 {[%clk 0:02:26]}
42. Rdb3 {[%clk 0:15:36]} Ra4 {[%clk 0:28:04]} 43. c6 {[%clk 0:44:11]} Bf8
{[%clk 0:25:39]} 44. Rc1 {[%clk 0:42:44]} Bd6+ {[%clk 0:25:23]} 45. f4
{[%clk 0:42:50]} Ra3 {[%clk 0:22:08]} 46. Rxa3 {[%clk 0:41:31]} bxa3
{[%clk 0:22:24]} 47. Rxc4 {[%clk 0:41:37]} dxc4 {[%clk 0:22:44]} 48. Bc1
{[%clk 0:41:57]} a2 {[%clk 0:21:07]} 49. Bb2 {[%clk 0:42:25]} Kf8
{[%clk 0:20:55]} 50. Kf3 {[%clk 0:42:31]} Ke7 {[%clk 0:20:55]} 51. d5
{[%clk 0:39:24]} Bb4 {[%clk 0:18:32]} 52. Bf6+ {[%clk 0:38:50]} Ke8
{[%clk 0:16:43]} 53. Ke4 {[%clk 0:37:41]} c3 {[%clk 0:15:28]} 54. d6
{[%clk 0:37:56]} Bxd6 {[%clk 0:15:25]} 55. Bxc3 {[%clk 0:38:24]} Kd8
{[%clk 0:14:51]} 56. f5 {[%clk 0:38:33]} Kc7 {[%clk 0:15:03]} 57. fxg6
{[%clk 0:38:44]} fxg6 {[%clk 0:15:25]} 58. Kd5 {[%clk 0:37:13]} Bg3
{[%clk 0:15:39]} 59. Ke6 {[%clk 0:30:41]} Kxc6 {[%clk 0:15:56]} 60. Kf6
{[%clk 0:30:50]} Kd5 {[%clk 0:16:10]} 61. Ba1 {[%clk 0:30:38]} Bf2
{[%clk 0:15:25]} 62. Kxg6 {[%clk 0:30:51]} Bd4 {[%clk 0:15:50]}  0-1

[Event "European Senior Team Championship 2021"]
[Site "Don Giovanni hotel, Vinohradska 2733, Prague, Czech Republic"]
[Date "2021.09.06"]
[Round "8"]
[Board "2"]
[White "Meduna, Eduard"]
[Black "Mojzis, Jaroslav"]
[Result "0-1"]
[WhiteElo "2352"]
[BlackElo "2030"]
[PlyCount "0"]
[EventDate "2021.08.30"]
[EventType "team"]
[EventRounds "9"]
[EventCountry "ECX"]
[WhiteTeam "LYSA NAD LABEM - 100 LET"]
[BlackTeam "CHESS ACADEMY PRAHA"]

1. d4 {[%clk 1:12:56]} Nf6 {[%clk 1:30:10]} 2. Nf3 {[%clk 1:13:05]} e6
{[%clk 1:30:26]} 3. Bg5 {[%clk 1:12:45]} c5 {[%clk 1:24:55]} 4. c3
{[%clk 1:12:11]} cxd4 {[%clk 1:23:42]} 5. cxd4 {[%clk 1:12:30]} Be7
{[%clk 1:21:11]} 6. Nc3 {[%clk 1:12:37]} b6 {[%clk 1:18:51]} 7. e4
{[%clk 1:12:19]} Bb7 {[%clk 1:18:40]} 8. Bd3 {[%clk 1:10:59]} O-O
{[%clk 1:14:00]} 9. Qe2 {[%clk 1:09:49]} d6 {[%clk 1:05:58]} 10. O-O
{[%clk 1:09:23]} Nc6 {[%clk 1:00:24]} 11. Rad1 {[%clk 1:05:45]} Nb4
{[%clk 1:00:17]} 12. Bb5 {[%clk 1:04:16]} d5 {[%clk 0:44:06]} 13. Bxf6
{[%clk 0:52:19]} dxe4 {[%clk 0:39:37]} 14. Nxe4 {[%clk 0:51:05]} Bxf6
{[%clk 0:39:54]} 15. Ne5 {[%clk 0:50:46]} Be7 {[%clk 0:33:21]} 16. a3
{[%clk 0:46:14]} Nd5 {[%clk 0:30:01]} 17. Qf3 {[%clk 0:42:08]} Rc8
{[%clk 0:25:27]} 18. Bd3 {[%clk 0:41:38]} Rc7 {[%clk 0:23:25]} 19. Rfe1
{[%clk 0:32:24]} f5 {[%clk 0:22:38]} 20. Nd2 {[%clk 0:29:15]} Nc3
{[%clk 0:21:52]} 21. Qe3 {[%clk 0:29:36]} Nxd1 {[%clk 0:22:11]} 22. Rxd1
{[%clk 0:30:00]} Qd5 {[%clk 0:20:34]} 23. Nef3 {[%clk 0:29:43]} Rfc8
{[%clk 0:20:27]} 24. Nb1 {[%clk 0:28:41]} Qb3 {[%clk 0:20:02]} 25. Re1
{[%clk 0:28:46]} Be4 {[%clk 0:18:55]}  0-1

[Event "European Senior Team Championship 2021"]
[Site "Don Giovanni hotel, Vinohradska 2733, Prague, Czech Republic"]
[Date "2021.09.06"]
[Round "8"]
[Board "3"]
[White "Mlynek, Petr"]
[Black "Hausner, Ivan"]
[Result "0-1"]
[WhiteElo "2058"]
[BlackElo "2336"]
[PlyCount "0"]
[EventDate "2021.08.30"]
[EventType "team"]
[EventRounds "9"]
[EventCountry "ECX"]
[WhiteTeam "CHESS ACADEMY PRAHA"]
[BlackTeam "LYSA NAD LABEM - 100 LET"]

1. d4 {[%clk 1:30:58]} Nf6 {[%clk 1:30:56]} 2. Bf4 {[%clk 1:31:07]} d6
{[%clk 1:31:15]} 3. Nc3 {[%clk 1:30:32]} Nbd7 {[%clk 1:31:21]} 4. Nf3
{[%clk 1:30:38]} c6 {[%clk 1:31:46]} 5. e4 {[%clk 1:30:21]} Qa5 {[%clk 1:31:39]}
6. Qd2 {[%clk 1:29:48]} e5 {[%clk 1:31:58]} 7. Bg3 {[%clk 1:29:48]} Be7
{[%clk 1:31:39]} 8. Be2 {[%clk 1:29:16]} Nh5 {[%clk 1:30:46]} 9. O-O
{[%clk 1:22:42]} Nxg3 {[%clk 1:31:05]} 10. hxg3 {[%clk 1:23:10]} Nf6
{[%clk 1:30:42]} 11. dxe5 {[%clk 1:13:16]} dxe5 {[%clk 1:30:55]} 12. Qg5
{[%clk 1:13:13]} Ng4 {[%clk 1:29:07]} 13. Qd2 {[%clk 1:10:51]} Be6
{[%clk 1:27:44]} 14. Rad1 {[%clk 1:09:24]} Rd8 {[%clk 1:25:20]} 15. Qc1
{[%clk 1:09:41]} h6 {[%clk 1:25:32]} 16. Nh4 {[%clk 1:06:55]} Bg5
{[%clk 1:24:10]} 17. Rxd8+ {[%clk 1:06:11]} Qxd8 {[%clk 1:24:32]} 18. Qd1
{[%clk 1:06:29]} Qxd1 {[%clk 1:23:23]} 19. Rxd1 {[%clk 1:06:41]} g6
{[%clk 1:23:39]} 20. Bxg4 {[%clk 1:04:59]} Bxg4 {[%clk 1:24:03]} 21. Nf3
{[%clk 1:05:04]} Be7 {[%clk 1:24:20]} 22. Rd3 {[%clk 1:03:43]} f6
{[%clk 1:24:38]} 23. Nh4 {[%clk 1:01:22]} Kf7 {[%clk 1:24:16]} 24. f4
{[%clk 0:59:35]} Rd8 {[%clk 1:22:54]} 25. f5 {[%clk 0:58:11]} g5 {[%clk 1:22:13]}
26. Nf3 {[%clk 0:58:00]} Ke8 {[%clk 1:22:32]} 27. Nd1 {[%clk 0:56:17]} Bh5
{[%clk 1:22:50]} 28. Ne3 {[%clk 0:54:53]} Bf7 {[%clk 1:22:30]} 29. b3
{[%clk 0:54:45]} Rxd3 {[%clk 1:20:39]} 30. cxd3 {[%clk 0:55:06]} Bc5
{[%clk 1:21:07]} 31. Kf2 {[%clk 0:55:11]} a5 {[%clk 1:21:32]} 32. Ke2
{[%clk 0:55:01]} a4 {[%clk 1:21:14]} 33. Nd2 {[%clk 0:53:13]} h5 {[%clk 1:21:11]}
34. Nc2 {[%clk 0:48:23]} axb3 {[%clk 1:19:47]} 35. axb3 {[%clk 0:48:04]} Kd7
{[%clk 1:20:00]} 36. b4 {[%clk 0:47:22]} Be7 {[%clk 1:19:32]} 37. Nc4
{[%clk 0:42:14]} b5 {[%clk 1:19:35]} 38. N4e3 {[%clk 0:41:59]} g4
{[%clk 1:19:03]} 39. Kd2 {[%clk 0:41:49]} Bd6 {[%clk 1:15:15]} 40. Kc3
{[%clk 0:38:29]} Bc7 {[%clk 1:15:32]} 41. Na1 {[%clk 0:30:15]} Bb6
{[%clk 1:15:49]} 42. Nac2 {[%clk 0:30:15]} Kd6 {[%clk 1:16:10]} 43. Nd1
{[%clk 0:28:33]} Bg1 {[%clk 1:14:45]} 44. Nce3 {[%clk 0:23:22]} c5
{[%clk 1:14:50]} 45. bxc5+ {[%clk 0:22:51]} Kxc5 {[%clk 1:15:13]} 46. Kd2
{[%clk 0:22:52]} b4 {[%clk 1:13:38]} 47. Ke2 {[%clk 0:22:14]} Bb3
{[%clk 1:12:24]} 48. Nb2 {[%clk 0:17:43]} Kd4 {[%clk 1:10:06]} 49. Ned1
{[%clk 0:16:19]} Bh2 {[%clk 1:09:24]}  0-1

[Event "European Senior Team Championship 2021"]
[Site "Don Giovanni hotel, Vinohradska 2733, Prague, Czech Republic"]
[Date "2021.09.06"]
[Round "8"]
[Board "4"]
[White "Spacek, Petr"]
[Black "Horak, Vladimir"]
[Result "1-0"]
[WhiteElo "2318"]
[BlackElo "1954"]
[PlyCount "0"]
[EventDate "2021.08.30"]
[EventType "team"]
[EventRounds "9"]
[EventCountry "ECX"]
[WhiteTeam "LYSA NAD LABEM - 100 LET"]
[BlackTeam "CHESS ACADEMY PRAHA"]

1. Nf3 {[%clk 1:30:57]} Nf6 {[%clk 1:30:12]} 2. g3 {[%clk 1:31:03]} b6
{[%clk 1:30:04]} 3. Bg2 {[%clk 1:31:14]} Bb7 {[%clk 1:30:32]} 4. O-O
{[%clk 1:31:35]} e6 {[%clk 1:30:27]} 5. b3 {[%clk 1:31:21]} Be7 {[%clk 1:30:40]}
6. Bb2 {[%clk 1:31:38]} O-O {[%clk 1:30:29]} 7. c4 {[%clk 1:31:01]} c5
{[%clk 1:29:18]} 8. Nc3 {[%clk 1:18:20]} d6 {[%clk 1:17:24]} 9. d4
{[%clk 1:12:05]} Nbd7 {[%clk 1:11:15]} 10. d5 {[%clk 1:10:13]} exd5
{[%clk 1:08:10]} 11. cxd5 {[%clk 1:09:39]} b5 {[%clk 0:59:39]} 12. Nxb5
{[%clk 1:01:54]} Nxd5 {[%clk 0:58:18]} 13. e4 {[%clk 0:51:52]} N5f6
{[%clk 0:53:49]} 14. Nxd6 {[%clk 0:51:29]} Bxd6 {[%clk 0:54:15]} 15. Qxd6
{[%clk 0:51:51]} Nxe4 {[%clk 0:53:38]} 16. Qf4 {[%clk 0:47:57]} Qb6
{[%clk 0:48:21]} 17. Rad1 {[%clk 0:41:13]} Rad8 {[%clk 0:47:36]} 18. Rxd7
{[%clk 0:29:42]} Rxd7 {[%clk 0:47:05]} 19. Ne5 {[%clk 0:29:59]} Rd2
{[%clk 0:27:48]} 20. Nc4 {[%clk 0:24:25]} Rxb2 {[%clk 0:26:45]} 21. Nxb6
{[%clk 0:22:46]} Nc3 {[%clk 0:26:13]} 22. Qe5 {[%clk 0:22:24]} Bxg2
{[%clk 0:25:56]} 23. Kxg2 {[%clk 0:22:22]} axb6 {[%clk 0:25:50]} 24. Qxc3
{[%clk 0:22:48]} Rxa2 {[%clk 0:25:59]} 25. Re1 {[%clk 0:21:04]} Ra7
{[%clk 0:25:12]} 26. Qd3 {[%clk 0:20:35]} g6 {[%clk 0:25:20]} 27. Qd6
{[%clk 0:20:31]} Rc8 {[%clk 0:21:25]} 28. Qxb6 {[%clk 0:19:24]}  1-0

[Event "European Senior Team Championship 2021"]
[Site "Don Giovanni hotel, Vinohradska 2733, Prague, Czech Republic"]
[Date "2021.09.06"]
[Round "8"]
[Board "1"]
[White "Sharif, Mehrshad"]
[Black "Huss, Andreas"]
[Result "1/2-1/2"]
[WhiteElo "2335"]
[BlackElo "2249"]
[PlyCount "0"]
[EventDate "2021.08.30"]
[EventType "team"]
[EventRounds "9"]
[EventCountry "ECX"]
[WhiteTeam "FRANCE"]
[BlackTeam "SWITZERLAND"]

1. Nf3 {[%clk 1:30:28]} Nf6 {[%clk 1:30:46]} 2. c4 {[%clk 1:30:10]} e6
{[%clk 1:30:36]} 3. g3 {[%clk 1:30:03]} d5 {[%clk 1:30:35]} 4. Bg2
{[%clk 1:30:08]} Be7 {[%clk 1:30:58]} 5. O-O {[%clk 1:30:11]} O-O
{[%clk 1:31:04]} 6. b3 {[%clk 1:30:18]} a5 {[%clk 1:30:55]} 7. Nc3
{[%clk 1:29:42]} c6 {[%clk 1:29:44]} 8. Bb2 {[%clk 1:29:02]} Nbd7
{[%clk 1:26:15]} 9. d4 {[%clk 1:19:01]} b6 {[%clk 1:25:05]} 10. Nd2
{[%clk 1:18:11]} Ba6 {[%clk 1:19:20]} 11. a4 {[%clk 1:08:54]} Rc8
{[%clk 1:09:38]} 12. e4 {[%clk 1:03:02]} Bb4 {[%clk 1:04:51]} 13. Re1
{[%clk 0:48:55]} dxc4 {[%clk 0:56:24]} 14. Nxc4 {[%clk 0:43:14]} Bxc4
{[%clk 0:56:16]} 15. bxc4 {[%clk 0:43:34]} e5 {[%clk 0:56:31]} 16. dxe5
{[%clk 0:37:06]} Nxe5 {[%clk 0:46:09]} 17. Bf1 {[%clk 0:35:29]} Qe7
{[%clk 0:42:35]} 18. Qe2 {[%clk 0:33:26]} Bc5 {[%clk 0:40:47]} 19. Kg2
{[%clk 0:20:31]} Rcd8 {[%clk 0:34:31]} 20. f4 {[%clk 0:10:52]} Nd3
{[%clk 0:32:29]} 21. e5 {[%clk 0:11:13]} Nxe1+ {[%clk 0:28:32]} 22. Rxe1
{[%clk 0:11:35]} Nd7 {[%clk 0:27:40]} 23. Qf3 {[%clk 0:03:38]} Bb4
{[%clk 0:20:28]} 24. Qxc6 {[%clk 0:03:15]} Nc5 {[%clk 0:20:13]} 25. Re2
{[%clk 0:01:30]} Qe6 {[%clk 0:18:50]} 26. Qxe6 {[%clk 0:00:51]} fxe6
{[%clk 0:18:49]} 27. Ne4 {[%clk 0:00:58]} Nxe4 {[%clk 0:16:56]} 28. Rxe4
{[%clk 0:01:18]} Rd2+ {[%clk 0:17:20]} 29. Re2 {[%clk 0:01:46]} Rfd8
{[%clk 0:17:26]} 30. Bc1 {[%clk 0:01:48]} Rxe2+ {[%clk 0:16:29]} 31. Bxe2
{[%clk 0:02:17]} Bd2 {[%clk 0:15:26]} 32. Ba3 {[%clk 0:02:23]} Be3
{[%clk 0:15:32]} 33. Kf3 {[%clk 0:02:21]} Bc5 {[%clk 0:15:24]} 34. Bc1
{[%clk 0:01:56]} Kf7 {[%clk 0:14:55]} 35. g4 {[%clk 0:01:54]} g6 {[%clk 0:14:35]}
36. h4 {[%clk 0:02:13]} Be7 {[%clk 0:09:08]} 37. Be3 {[%clk 0:02:10]} Bc5
{[%clk 0:09:09]} 38. Bc1 {[%clk 0:02:28]} Rd7 {[%clk 0:08:09]} 39. Ke4
{[%clk 0:01:14]} Rd4+ {[%clk 0:08:15]} 40. Kf3 {[%clk 0:01:34]} Ke7
{[%clk 0:07:21]} 41. Be3 {[%clk 0:00:53]} Rd7 {[%clk 0:06:34]} 42. Bc1
{[%clk 0:00:45]} Kd8 {[%clk 0:06:16]} 43. h5 {[%clk 0:25:43]} gxh5
{[%clk 0:32:45]} 44. gxh5 {[%clk 0:23:26]} Ke7 {[%clk 0:31:14]} 45. Kg4
{[%clk 0:21:04]} Rd8 {[%clk 0:29:28]} 46. Kg3 {[%clk 0:10:34]} Rg8+
{[%clk 0:27:24]} 47. Bg4 {[%clk 0:08:54]} Bb4 {[%clk 0:24:06]} 48. Be3
{[%clk 0:08:32]} Bc5 {[%clk 0:21:40]} 49. Bc1 {[%clk 0:08:49]} Kf7
{[%clk 0:20:35]} 50. Kh3 {[%clk 0:06:12]} Bf2 {[%clk 0:16:54]} 51. f5
{[%clk 0:03:25]} exf5 {[%clk 0:16:27]} 52. Bxf5 {[%clk 0:03:51]} Rg3+
{[%clk 0:16:29]} 53. Kh2 {[%clk 0:04:17]} Rc3 {[%clk 0:14:20]} 54. e6+
{[%clk 0:04:36]} Kf6 {[%clk 0:08:39]} 55. Bb2 {[%clk 0:04:04]} Kxf5
{[%clk 0:08:16]} 56. Bxc3 {[%clk 0:04:22]} Kxe6 {[%clk 0:08:38]} 57. Kg2
{[%clk 0:04:22]} Bc5 {[%clk 0:08:59]} 58. Kf3 {[%clk 0:04:20]} Kf5
{[%clk 0:09:06]} 59. Bd2 {[%clk 0:04:22]} Bd4 {[%clk 0:07:08]}  1/2-1/2

[Event "European Senior Team Championship 2021"]
[Site "Don Giovanni hotel, Vinohradska 2733, Prague, Czech Republic"]
[Date "2021.09.06"]
[Round "8"]
[Board "2"]
[White "Hugentobler, Patrick"]
[Black "Giffard, Nicolas"]
[Result "1-0"]
[WhiteElo "2168"]
[BlackElo "2247"]
[PlyCount "0"]
[EventDate "2021.08.30"]
[EventType "team"]
[EventRounds "9"]
[EventCountry "ECX"]
[WhiteTeam "SWITZERLAND"]
[BlackTeam "FRANCE"]

1. e4 {[%clk 1:30:55]} c6 {[%clk 1:30:45]} 2. d4 {[%clk 1:31:13]} d5
{[%clk 1:31:07]} 3. exd5 {[%clk 1:31:31]} cxd5 {[%clk 1:31:28]} 4. Bd3
{[%clk 1:31:51]} Nc6 {[%clk 1:31:39]} 5. c3 {[%clk 1:32:09]} e6 {[%clk 1:31:01]}
6. Bf4 {[%clk 1:31:27]} Bd6 {[%clk 1:30:30]} 7. Bxd6 {[%clk 1:30:30]} Qxd6
{[%clk 1:30:52]} 8. Nf3 {[%clk 1:30:35]} f6 {[%clk 1:29:00]} 9. O-O
{[%clk 1:24:25]} Nge7 {[%clk 1:28:27]} 10. Re1 {[%clk 1:07:07]} O-O
{[%clk 1:28:27]} 11. Qe2 {[%clk 1:06:49]} Bd7 {[%clk 1:21:36]} 12. c4
{[%clk 1:00:39]} Rae8 {[%clk 1:17:54]} 13. Nc3 {[%clk 0:57:32]} Kh8
{[%clk 1:11:43]} 14. Rad1 {[%clk 0:55:13]} a6 {[%clk 1:06:08]} 15. a3
{[%clk 0:51:32]} dxc4 {[%clk 0:57:07]} 16. Bxc4 {[%clk 0:51:44]} Nd5
{[%clk 0:57:25]} 17. Ne4 {[%clk 0:46:04]} Qc7 {[%clk 0:56:33]} 18. Nc5
{[%clk 0:45:12]} Re7 {[%clk 0:33:38]} 19. Bxd5 {[%clk 0:32:44]} exd5
{[%clk 0:32:53]} 20. Qxe7 {[%clk 0:32:42]} Nxe7 {[%clk 0:33:09]} 21. Rxe7
{[%clk 0:33:08]} Qb6 {[%clk 0:30:30]} 22. Nxd7 {[%clk 0:32:33]} Qb3
{[%clk 0:30:42]} 23. Rde1 {[%clk 0:32:11]} Rg8 {[%clk 0:31:03]} 24. Nc5
{[%clk 0:25:41]} Qxb2 {[%clk 0:30:36]} 25. Rxb7 {[%clk 0:25:40]} Qxa3
{[%clk 0:30:58]} 26. h3 {[%clk 0:25:03]} h5 {[%clk 0:29:39]} 27. Rb3
{[%clk 0:17:11]} Qa2 {[%clk 0:29:04]} 28. Rb4 {[%clk 0:16:33]} Ra8
{[%clk 0:26:29]} 29. Ra4 {[%clk 0:15:46]} Qc2 {[%clk 0:26:36]} 30. Rea1
{[%clk 0:14:29]} a5 {[%clk 0:26:48]} 31. Ne1 {[%clk 0:13:39]} Qc3
{[%clk 0:25:13]} 32. Ned3 {[%clk 0:13:46]} g5 {[%clk 0:20:57]} 33. R4a3
{[%clk 0:06:57]} Qxd4 {[%clk 0:20:09]} 34. R1a2 {[%clk 0:06:24]} Qc4
{[%clk 0:18:56]} 35. Nb7 {[%clk 0:03:48]} Ra7 {[%clk 0:16:24]} 36. Nxa5
{[%clk 0:03:37]} Rxa5 {[%clk 0:16:47]} 37. Rxa5 {[%clk 0:04:03]} Qxd3
{[%clk 0:17:05]} 38. Ra7 {[%clk 0:04:00]} h4 {[%clk 0:17:11]} 39. Rb2  1-0